Report of a select working party upon the presentation & format of standard preliminaries for use with J.C.T. Standard Form of Building Contract with quantities 1980 edition (Record no. 92210)

MARC details
000 -LEADER
fixed length control field 00711cam a2200205 4500
001 - CONTROL NUMBER
control field B2054
008 - FIXED-LENGTH DATA ELEMENTS--GENERAL INFORMATION
fixed length control field 090401t1981 xxu||||| |||| 00| 0 eng d
035 ## - SYSTEM CONTROL NUMBER
System control number (Sirsi) u47815
041 ## - LANGUAGE CODE
Language code of text/sound track or separate title eng
050 ## - LIBRARY OF CONGRESS CALL NUMBER
Classification number 692.5
110 ## - MAIN ENTRY--CORPORATE NAME
Corporate name or jurisdiction name as entry element Society of Chief Quantity Surveyors in Local Government
9 (RLIN) 3033
245 ## - TITLE STATEMENT
Title Report of a select working party upon the presentation & format of standard preliminaries for use with J.C.T. Standard Form of Building Contract with quantities 1980 edition
260 ## - PUBLICATION, DISTRIBUTION, ETC.
Name of publisher, distributor, etc. Society of Chief Quantity Surveyors in L
Date of publication, distribution, etc. 1981
300 ## - PHYSICAL DESCRIPTION
Extent (73)p. ; 30cm.
350 ## - PRICE (NR) (BK AM CF MU VM SE) [OBSOLETE]
Price 5
650 ## - SUBJECT ADDED ENTRY--TOPICAL TERM
Topical term or geographic name entry element BILLS OF QUANTITIES
650 ## - SUBJECT ADDED ENTRY--TOPICAL TERM
Topical term or geographic name entry element JCT STANDARD FORM OF CONTRACT 1980
942 ## - ADDED ENTRY ELEMENTS (KOHA)
Suppress in OPAC 0
948 ## - LOCAL PROCESSING INFORMATION (OCLC); SERIES PART DESIGNATOR (RLIN)
c (OCLC) 04/03/1997
Holdings
Withdrawn status Lost status Source of classification or shelving scheme Damaged status Not for loan Home library Current library Shelving location Date acquired Cost, normal purchase price Total Checkouts Full call number Barcode Date last seen Date last checked out Copy number Cost, replacement price Price effective from Koha item type
    Dewey Decimal Classification     London London Basement 14/09/1999 5.00 1 SHELF 306 30018326 06/08/2019 27/09/1999 1 5.00 06/08/2019 Book